Music Quiz

Random Music or Clickable Quiz

'A' Artists by 3 Singles Quiz Stats

Quiz Updated Sep 25, 2017

Challenge
Share
Tweet
Embed
Score 0/24 Timer 05:00
15 Plays Today
% Correct
ABBA
94.9%
Aerosmith
92.1%
Adele
92%
Bryan Adams
89.8%
Christina Aguilera
87.6%
Rick Astley
86.3%
The Animals
75.9%
Paula Abdul
74.1%
Ace of Base
72.9%
Allman Brothers Band
69.5%
America
67.6%
Paul Anka
63.1%
% Correct
Air Supply
62.4%
Akon
59.9%
The All-American Rejects
58.7%
Iggy Azalea
57.4%
Avicii
51%
Alice in Chains
47.8%
Lily Allen
45.4%
Fiona Apple
41.9%
Arcade Fire
40.6%
Tori Amos
39.9%
Audioslave
36.1%
Aaliyah
33.6%

You're not logged in!

Compare scores with friends on all Sporcle quizzes.
Sign Up with Email
OR
Log In

You Might Also Like...

Show Comments

Extras

Top Quizzes Today


Score Distribution

Your Account Isn't Verified!

In order to create a playlist on Sporcle, you need to verify the email address you used during registration. Go to your Sporcle Settings to finish the process.